[Event "CRO Cup"]
[Site "Mali Losinj"]
[Date "2019.05.16"]
[Round "2.132"]
[White "Balenovic, Zvonimir"]
[Black "Babic, Andrija"]
[Result "0-1"]
[WhiteElo "2138"]
[BlackElo "2131"]
[PlyCount "124"]
[EventDate "2019.05.15"]
[EventType "team-swiss"]
[EventRounds "6"]
[EventCountry "CRO"]
[SourceTitle "CBM 190 Extra"]
[Source "ChessBase"]
[SourceDate "2019.07.15"]
[SourceVersion "1"]
[SourceVersionDate "2019.07.15"]
[SourceQuality "1"]
[WhiteTeam "Sisak"]
[BlackTeam "Zupanja Sladorana"]
[WhiteTeamCountry "CRO"]
[BlackTeamCountry "CRO"]

1. e4 c5 2. Nf3 d6 3. Bb5+ Bd7 4. Bxd7+ Nxd7 5. d4 cxd4 6. Qxd4 Ngf6 7. Nc3 g6 8. 0-0 Bg7 9. Bg5 0-0 10. Qd2 Re8 11. h3 Qa5 12. Rad1 Rac8 13. Rfe1 Nh5 14. Nd5 Qxd2 15. Rxd2 Kf8 16. c3 Nhf6 17. Nxf6 Nxf6 18. Bxf6 Bxf6 19. e5 dxe5 20. Nxe5 Bxe5 21. Rxe5 e6 22. Re4 Red8 23. Red4 Rxd4 24. Rxd4 Ke7 25. Kf1 Rc6 26. Ra4 a6 27. Rb4 b5 28. Ke2 e5 29. Kd3 Rd6+ 30. Kc2 f5 31. a4 Rd5 32. axb5 axb5 33. c4 bxc4 34. Rxc4 Kd6 35. b4 Rb5 36. Kc3 Rb7 37. Kb3 Kd5 38. Rc8 Kd4 39. Rd8+ Ke4 40. Rd2 g5 41. Kc4 g4 42. Re2+ Kf4 43. Re3 e4 44. g3+ Ke5 45. hxg4 fxg4 46. b5 Rc7+ 47. Kb4 Rc2 48. b6 Rxf2 49. b7 Rf8 50. Kc5 Rb8 51. Rb3 h5 52. Kc6 Kd4 53. Rb5 e3 54. Rxh5 e2 55. Rd5+ Ke3 56. Re5+ Kf2 57. Rf5+ Kxg3 58. Re5 Kf3 59. Rf5+ Ke4 60. Rf7 g3 61. Re7+ Kd3 62. Rd7+ Kc4 0-1

[Event "Prague op 17th"]
[Site "Prague"]
[Date "2018.01.13"]
[Round "2"]
[White "Balenovic, Zvonimir"]
[Black "Luukkonen, Tommi"]
[Result "0-1"]
[WhiteElo "2129"]
[BlackElo "2331"]
[PlyCount "90"]
[EventDate "2018.01.12"]
[EventType "swiss"]
[EventRounds "9"]
[EventCountry "CZE"]
[SourceTitle "CBM 182 Extra"]
[Source "ChessBase"]
[SourceDate "2018.02.23"]
[SourceVersion "1"]
[SourceVersionDate "2018.02.23"]
[SourceQuality "1"]

1. Nf3 c5 2. g3 g6 3. Bg2 Bg7 4. c4 Nc6 5. 0-0 e6 6. Nc3 Nge7 7. d3 0-0 8. e3 d5 9. cxd5 Nb4 10. d4 cxd4 11. Nxd4 Nexd5 12. Nxd5 Nxd5 13. Re1 Qb6 14. b3 Rd8 15. Bb2 e5 16. Bxd5 Rxd5 17. Qf3 Qd8 18. e4 Rxd4 19. Bxd4 exd4 20. e5 Qb6 21. g4 Be6 22. Rad1 Rd8 23. Qf4 Rd5 24. Qg3 g5 25. Re4 Qc5 26. Rde1 d3 27. h3 d2 28. Rd1 Bxe5 29. Qf3 Qd6 30. Qe3 Bh2+ 31. Kf1 Qa6+ 32. Qe2 Qc6 33. f3 Bf4 34. Kg2 Qd6 35. Qf2 Rd3 36. Qe2 h5 37. gxh5 Bh2 38. Rxe6 fxe6 39. Qe4 Qg3+ 40. Kh1 Qxf3+ 41. Qxf3 Rxf3 42. Kxh2 Rd3 43. Kg2 Kh7 44. Kf1 Kh6 45. Ke2 Rd5 0-1

[Event "Prague op 16th"]
[Site "Prague"]
[Date "2017.01.18"]
[Round "7"]
[White "Balenovic, Zvonimir"]
[Black "Kulhanek, Tomas"]
[Result "0-1"]
[WhiteElo "2220"]
[BlackElo "2364"]
[PlyCount "126"]
[EventDate "2017.01.13"]
[EventType "swiss"]
[EventRounds "9"]
[EventCountry "CZE"]
[SourceTitle "CBM 176 Extra"]
[Source "ChessBase"]
[SourceDate "2017.03.02"]
[SourceVersion "1"]
[SourceVersionDate "2017.03.02"]
[SourceQuality "1"]

1. e4 d6 2. d4 Nf6 3. Nc3 g6 4. f4 Bg7 5. Nf3 0-0 6. Bd3 Nc6 7. 0-0 e5 8. fxe5 dxe5 9. d5 Nd4 10. Nxe5 Nxe4 11. Bxe4 Bxe5 12. Bf4 Bxf4 13. Rxf4 Nf5 14. Qd2 Nd6 15. Bd3 Bd7 16. Raf1 f5 17. R4f2 Qh4 18. Rf4 Qf6 19. b3 Rae8 20. Nd1 b6 21. c4 c6 22. Nc3 Qe5 23. R4f3 Qd4+ 24. Kh1 cxd5 25. Nxd5 Bc6 26. Qd1 Bxd5 27. cxd5 Rf7 28. h3 Rfe7 29. Ba6 Qxd1 30. Rxd1 b5 31. a4 Re1+ 32. Rf1 Rxf1+ 33. Rxf1 bxa4 34. bxa4 Kg7 35. Rc1 Kf6 36. Rc6 Re1+ 37. Kh2 Ke5 38. Rc7 Ra1 39. Rxh7 Rxa4 40. Rxa7 Kf4 41. Ra8 Ra5 42. h4 Ke3 43. Kg3 Ra4 44. Kh3 Ne4 45. Bb7 Nf2+ 46. Kh2 Rxh4+ 47. Kg3 g5 48. Ra3+ Nd3 49. Rxd3+ Kxd3 50. Bc8 Ke4 51. d6 Ke5 52. d7 Rd4 53. Kf3 g4+ 54. Kg3 Rd3+ 55. Kh4 Kf6 56. Kh5 Rd2 57. Kh4 Kg6 58. Kg3 Kg5 59. Kh2 Kf4 60. Kg1 Kg3 61. Kf1 f4 62. Ke1 Rd4 63. Kf1 Rd6 0-1

[Event "Topusko op 5th"]
[Site "Topusko"]
[Date "2016.08.13"]
[Round "9"]
[White "Veleski, Robert"]
[Black "Balenovic, Zvonimir"]
[Result "1-0"]
[WhiteElo "2142"]
[BlackElo "2190"]
[PlyCount "122"]
[EventDate "2016.08.06"]
[EventType "swiss"]
[EventRounds "9"]
[EventCountry "CRO"]
[SourceTitle "CBM 173 Extra"]
[Source "ChessBase"]
[SourceDate "2016.08.29"]
[SourceVersion "1"]
[SourceVersionDate "2016.08.29"]
[SourceQuality "1"]

1. e4 c5 2. Nf3 Nc6 3. Bb5 g6 4. 0-0 Bg7 5. Re1 Nf6 6. c3 0-0 7. d3 Qc7 8. Nbd2 d6 9. Nf1 Bd7 10. Ba4 Rab8 11. h3 b5 12. Bc2 b4 13. c4 e6 14. Be3 Nh5 15. g4 Nf6 16. Ng3 Ne8 17. Qc1 Ne5 18. Nh2 a5 19. f4 Nc6 20. Nf3 Ne7 21. f5 Nc6 22. Bh6 Ne5 23. Nxe5 dxe5 24. Rf1 f6 25. h4 Qd6 26. Be3 Kh8 27. h5 g5 28. h6 Bxh6 29. Kg2 Rf7 30. Rh1 Bf8 31. Qd2 Kg8 32. Rh3 Rc8 33. Rah1 Qe7 34. Bd1 Nd6 35. Bf3 a4 36. Qf2 Nb7 37. Qg1 Rc7 38. Qh2 Bc8 39. Rh5 h6 40. fxe6 Bxe6 41. Nf5 Bxf5 42. exf5 Rh7 43. Kf2 Kh8 44. Qg2 Nd6 45. Bd5 Nc8 46. Qe4 Nb6 47. Be6 Qd8 48. Ke2 Qa8 49. R1h3 Qd8 50. Qh1 Qe7 51. Qh2 Qg7 52. Qg2 Qe7 53. Rh1 Qd6 54. R5h2 Qe7 55. Qh3 Qd6 56. Qh5 Qe7 57. Qg6 Qg7 58. Qe8 Qe7 59. Qb5 Qd6 60. Rh5 Qc6 61. Qa5 Nd7 1-0

[Event "Pardubice Czech op-B 27th"]
[Site "Pardubice"]
[Date "2016.07.29"]
[Round "8"]
[White "Kocur, Johan"]
[Black "Balenovic, Zvonimir"]
[Result "0-1"]
[WhiteElo "1997"]
[BlackElo "2190"]
[PlyCount "60"]
[EventDate "2016.07.22"]
[EventType "swiss"]
[EventRounds "9"]
[EventCountry "CZE"]
[SourceTitle "CBM 173 Extra"]
[Source "ChessBase"]
[SourceDate "2016.08.29"]
[SourceVersion "1"]
[SourceVersionDate "2016.08.29"]
[SourceQuality "1"]

1. Nf3 Nf6 2. g3 g6 3. b4 Bg7 4. Bb2 0-0 5. Bg2 c6 6. d3 Qb6 7. c3 a5 8. a3 d5 9. 0-0 c5 10. Qd2 axb4 11. axb4 Rxa1 12. Bxa1 cxb4 13. cxb4 Nc6 14. Bc3 d4 15. Bb2 Rd8 16. Na3 Nd5 17. b5 Na7 18. Rb1 Nc3 19. Bxc3 dxc3 20. Qe3 Qa5 21. Nc4 Qa2 22. Rc1 Be6 23. Nfe5 Qa4 24. Qb6 Rf8 25. Bxb7 Bxe5 26. Nxe5 Qa3 27. Qe3 Nxb5 28. Bc6 Nd4 29. Bf3 Nb3 30. Rc2 Bh3 0-1

[Event "Pardubice Czech op-B 26th"]
[Site "Pardubice"]
[Date "2015.07.30"]
[Round "7"]
[White "Balenovic, Zvonimir"]
[Black "Ilandzis, Spyridon"]
[Result "0-1"]
[WhiteElo "2180"]
[BlackElo "2168"]
[PlyCount "108"]
[EventDate "2015.07.24"]
[EventType "swiss"]
[EventRounds "9"]
[EventCountry "CZE"]
[SourceTitle "EXT 2017"]
[Source "ChessBase"]
[SourceDate "2016.10.25"]
[SourceVersion "1"]
[SourceVersionDate "2016.10.25"]
[SourceQuality "1"]

1. e4 d5 2. exd5 Qxd5 3. Nc3 Qa5 4. d4 Nf6 5. Nf3 Bf5 6. Bc4 e6 7. Bd2 c6 8. Qe2 Bb4 9. 0-0-0 Nbd7 10. Ne5 Nxe5 11. dxe5 Nd5 12. Bxd5 exd5 13. g4 d4 14. Ne4 Bxe4 15. Qxe4 Bxd2+ 16. Rxd2 Qxa2 17. Rxd4 Qa1+ 18. Kd2 Qxb2 19. e6 Qxd4+ 20. Qxd4 Rd8 21. Qxd8+ Kxd8 22. exf7 Ke7 23. f4 Kxf7 24. Rf1 Rd8+ 25. Kc3 Rd5 26. Ra1 a5 27. Ra4 b6 28. Re4 b5 29. Kb3 Rd2 30. h3 Rh2 31. Re3 Rf2 32. f5 c5 33. Re5 a4+ 34. Kb2 a3+ 35. Kxa3 Rxc2 36. Kb3 Rc4 37. g5 h6 38. h4 h5 39. Rd5 Ke7 40. f6+ gxf6 41. gxf6+ Kxf6 42. Rxh5 Ke6 43. Rh6+ Kd5 44. Rb6 b4 45. h5 Rc3+ 46. Kb2 Rh3 47. h6 Kc4 48. Rc6 Rh2+ 49. Kc1 b3 50. Kb1 Kb4 51. Kc1 c4 52. Rg6 c3 53. Rb6+ Ka4 54. Kd1 c2+ 0-1

[Event "Pardubice Czech op-B 26th"]
[Site "Pardubice"]
[Date "2015.07.26"]
[Round "3"]
[White "Balenovic, Zvonimir"]
[Black "Hradecky, Ivo"]
[Result "1-0"]
[WhiteElo "2180"]
[BlackElo "2028"]
[PlyCount "91"]
[EventDate "2015.07.24"]
[EventType "swiss"]
[EventRounds "9"]
[EventCountry "CZE"]
[SourceTitle "EXT 2017"]
[Source "ChessBase"]
[SourceDate "2016.10.25"]
[SourceVersion "1"]
[SourceVersionDate "2016.10.25"]
[SourceQuality "1"]

1. e4 d6 2. d4 Nf6 3. Nc3 g6 4. f4 Bg7 5. Nf3 c5 6. Bb5+ Bd7 7. e5 Ng4 8. e6 fxe6 9. Ng5 Bxb5 10. Nxb5 Qa5+ 11. c3 Qxb5 12. Qxg4 Qc4 13. Qxe6 Qxe6+ 14. Nxe6 cxd4 15. Nc7+ Kd7 16. Nxa8 dxc3 17. Kd1 Na6 18. bxc3 Bxc3 19. Rb1 Nc5 20. Be3 Kc6 21. Kc2 Bf6 22. g4 Rxa8 23. h4 e5 24. Bxc5 dxc5 25. Rhe1 Re8 26. g5 Bg7 27. fxe5 Rxe5 28. Rxe5 Bxe5 29. Kd3 b5 30. Rf1 Bg3 31. Rh1 Kd5 32. Ke3 Ke5 33. Kf3 Bf4 34. Re1+ Kf5 35. Re7 Be5 36. Rxa7 b4 37. Rxh7 c4 38. Rf7+ Ke6 39. Rb7 Bd6 40. Ke4 c3 41. Rb6 Kd7 42. Kd5 Bc5 43. Rc6 Be3 44. Rc4 Bd2 45. Ke4 Be1 46. Kd3 1-0

[Event "CRO-chT2 Center"]
[Site "Croatia"]
[Date "2015.04.26"]
[Round "6.63"]
[White "Livaic, Leon"]
[Black "Balenovic, Zvonimir"]
[Result "0-1"]
[WhiteElo "2222"]
[BlackElo "2189"]
[PlyCount "86"]
[EventDate "2015.03.22"]
[EventType "team-tourn"]
[EventRounds "11"]
[EventCountry "CRO"]
[SourceTitle "EXT 2016"]
[Source "ChessBase"]
[SourceDate "2015.10.08"]
[SourceVersion "1"]
[SourceVersionDate "2015.10.08"]
[SourceQuality "1"]

1. d4 Nf6 2. c4 g6 3. Nc3 Bg7 4. e4 d6 5. f3 0-0 6. Bg5 c5 7. d5 e6 8. Qd2 exd5 9. cxd5 a6 10. a4 Qa5 11. Ra3 Re8 12. Nge2 Nbd7 13. Nc1 Ne5 14. Be2 h5 15. 0-0 Nh7 16. Be3 f5 17. h3 Bd7 18. Kh1 Qd8 19. a5 Rf8 20. exf5 Bxf5 21. Na4 Qe7 22. Nb6 Rae8 23. b4 cxb4 24. Qxb4 Nf7 25. Bd2 Be5 26. Bd3 Qf6 27. Bxf5 Qxf5 28. g4 hxg4 29. hxg4 Qf6 30. Kg2 Re7 31. f4 Bb2 32. Raf3 Bxc1 33. Bxc1 Qh4 34. Rg3 Re2+ 35. Rf2 Rxf2+ 36. Kxf2 Ne5 37. Qxd6 Nxg4+ 38. Kf3 Ng5+ 39. Ke2 Qh2+ 40. Kd1 Nf2+ 41. Ke1 Re8+ 42. Be3 Qh1+ 43. Ke2 Qd1+ 0-1

[Event "Pardubice Czech op-B 25th"]
[Site "Pardubice"]
[Date "2014.07.21"]
[Round "4"]
[White "Balenovic, Zvonimir"]
[Black "Tuma, Jan"]
[Result "0-1"]
[WhiteElo "2207"]
[BlackElo "1923"]
[PlyCount "98"]
[EventDate "2014.07.18"]
[EventType "swiss"]
[EventRounds "9"]
[EventCountry "CZE"]
[SourceTitle "EXT 2015"]
[Source "ChessBase"]
[SourceDate "2014.11.20"]
[SourceVersion "1"]
[SourceVersionDate "2014.11.20"]
[SourceQuality "1"]

1. e4 c5 2. Nf3 Nc6 3. Bb5 g6 4. 0-0 Bg7 5. c3 Nf6 6. Re1 0-0 7. d4 cxd4 8. cxd4 d5 9. e5 Ne4 10. Nc3 Nxc3 11. bxc3 Bd7 12. a4 Qc8 13. Ba3 Re8 14. c4 a6 15. cxd5 axb5 16. dxc6 bxc6 17. axb5 cxb5 18. Qb3 e6 19. Ng5 Bc6 20. Ne4 Bxe4 21. Rxe4 b4 22. Qxb4 Bf8 23. Qb2 Qc6 24. Re3 Reb8 25. Qa2 Ra4 26. h3 Rba8 27. Qb2 Qa6 28. d5 Bxa3 29. Qc2 exd5 30. Rd1 d4 31. Red3 Rc8 32. Qb3 Bc5 33. Rf3 Qc4 34. Qb7 Bf8 35. Re1 Rb4 36. Qd7 Rc7 37. Qd8 Re7 38. Ra3 Re6 39. Ra8 Qc5 40. Rc8 Qe7 41. Qd5 Kg7 42. Re4 Rb1+ 43. Kh2 Rd1 44. f4 d3 45. Rd4 Rf1 46. Qc4 Rxe5 47. Rxd3 Qh4 48. Rxf8 Kxf8 49. Rd8+ Qxd8 0-1

[Event "Pardubice Czech op-B 25th"]
[Site "Pardubice"]
[Date "2014.07.18"]
[Round "1"]
[White "Arndt, Uwe"]
[Black "Balenovic, Zvonimir"]
[Result "0-1"]
[WhiteElo "1950"]
[BlackElo "2207"]
[PlyCount "76"]
[EventDate "2014.07.18"]
[EventType "swiss"]
[EventRounds "9"]
[EventCountry "CZE"]
[SourceTitle "EXT 2015"]
[Source "ChessBase"]
[SourceDate "2014.11.20"]
[SourceVersion "1"]
[SourceVersionDate "2014.11.20"]
[SourceQuality "1"]

1. d4 Nf6 2. c4 g6 3. Nc3 Bg7 4. e4 d6 5. Nf3 0-0 6. Be2 e5 7. 0-0 Nc6 8. d5 Ne7 9. Ne1 Nd7 10. Be3 f5 11. f3 f4 12. Bf2 Nf6 13. b4 g5 14. c5 Ng6 15. Rc1 Rf7 16. Qc2 g4 17. fxg4 Nxg4 18. cxd6 cxd6 19. Bxg4 Bxg4 20. Nb5 Bh6 21. Nf3 Bf8 22. Qb3 Rg7 23. Rc2 a6 24. Na3 Bxf3 25. Qxf3 Rc8 26. Rfc1 Rxc2 27. Rxc2 Nh4 28. Bxh4 Qxh4 29. Rc1 h6 30. Nb1 Be7 31. Qf2 Qg4 32. Nd2 Bd8 33. Qf3 Bb6+ 34. Kf1 Qh4 35. Rc8+ Kh7 36. h3 Rg3 37. Qe2 Qxh3 38. Rc7+ Kg6 0-1

[Event "CRO-chT2 Center 23rd"]
[Site "Grubisno Polje"]
[Date "2014.04.06"]
[Round "5.4"]
[White "Balenovic, Zvonimir"]
[Black "Margitic, Zdravko"]
[Result "1/2-1/2"]
[WhiteElo "2198"]
[BlackElo "2135"]
[PlyCount "67"]
[EventDate "2014.03.02"]
[EventType "team-match"]
[EventRounds "11"]
[EventCountry "CRO"]
[SourceTitle "EXT 2016"]
[Source "ChessBase"]
[SourceDate "2015.10.08"]
[SourceVersion "1"]
[SourceVersionDate "2015.10.08"]
[SourceQuality "1"]

1. e4 e5 2. Nf3 Nc6 3. Bb5 a6 4. Ba4 Bc5 5. c3 b5 6. Bb3 d6 7. h3 h6 8. 0-0 Nge7 9. d4 exd4 10. cxd4 Bb6 11. Nc3 0-0 12. a4 b4 13. Nd5 Ng6 14. Be3 Nh4 15. Rc1 Nxf3+ 16. Qxf3 Nxd4 17. Bxd4 Bxd4 18. Nxc7 Ra7 19. Nd5 a5 20. Rc2 Kh8 21. Rd1 Be5 22. Qe3 Rb7 23. f4 Bf6 24. Nxf6 Qxf6 25. Rcd2 Be6 26. Rxd6 Qxb2 27. Bxe6 fxe6 28. Rxe6 Qc3 29. Qxc3 bxc3 30. Rc6 Rxf4 31. Rxc3 Rxe4 32. Ra3 Rbb4 33. Rd5 Rxa4 34. Rxa5 1/2-1/2

[Event "CRO-chT2 Center 22nd"]
[Site "Sisak"]
[Date "2013.10.13"]
[Round "9.6"]
[White "Balenovic, Zvonimir"]
[Black "Martic, Josip"]
[Result "1-0"]
[WhiteElo "2200"]
[BlackElo "2060"]
[PlyCount "47"]
[EventDate "2013.04.14"]
[EventType "team-tourn"]
[EventRounds "11"]
[EventCountry "CRO"]
[SourceTitle "EXT 2016"]
[Source "ChessBase"]
[SourceDate "2015.10.08"]
[SourceVersion "1"]
[SourceVersionDate "2015.10.08"]
[SourceQuality "1"]

1. e4 d6 2. d4 Nf6 3. Nc3 g6 4. f4 Bg7 5. Nf3 c5 6. Bb5+ Bd7 7. e5 dxe5 8. dxe5 Ng4 9. Ng5 Nh6 10. Be3 Qa5 11. Qd3 a6 12. Bxd7+ Nxd7 13. e6 Bxc3+ 14. bxc3 Nb6 15. exf7+ Nxf7 16. Nxf7 Kxf7 17. f5 g5 18. 0-0 h5 19. Qe4 Qxc3 20. Qe6+ Ke8 21. f6 Nd5 22. Qxd5 Qxe3+ 23. Kh1 e6 24. Qxb7 1-0

[Event "CRO-chT2 Center 22nd"]
[Site "Sisak"]
[Date "2013.10.06"]
[Round "7.53"]
[White "Muha, Miljenko"]
[Black "Balenovic, Zvonimir"]
[Result "1-0"]
[WhiteElo "1881"]
[BlackElo "2200"]
[PlyCount "137"]
[EventDate "2013.04.14"]
[EventType "team-tourn"]
[EventRounds "11"]
[EventCountry "CRO"]
[SourceTitle "EXT 2016"]
[Source "ChessBase"]
[SourceDate "2015.10.08"]
[SourceVersion "1"]
[SourceVersionDate "2015.10.08"]
[SourceQuality "1"]

1. d4 Nf6 2. c4 g6 3. Nc3 Bg7 4. e4 d6 5. f3 0-0 6. Nge2 c5 7. Be3 b6 8. Qd2 Nc6 9. g3 Ba6 10. b3 Rc8 11. Bh3 cxd4 12. Nxd4 Nxd4 13. Bxd4 e6 14. Rc1 Rc7 15. Kf2 Qe7 16. Rhd1 Rd8 17. Be3 Bb7 18. Bg5 Rcd7 19. Qe3 Bc6 20. Rd3 Rc8 21. Rcd1 Qf8 22. Qd2 h6 23. Bf4 Ne8 24. Ne2 Rcd8 25. Nd4 Bxd4+ 26. Rxd4 Kh7 27. Rd3 Qg7 28. a4 g5 29. Be3 Nf6 30. Bd4 g4 31. Bxf6 Qxf6 32. Bxg4 Bxe4 33. Rd4 Bg6 34. Kg2 Qg5 35. h4 Qxd2+ 36. R1xd2 f5 37. Bh3 Kg7 38. f4 Kf6 39. Kf2 Be8 40. Bg2 e5 41. Rd5 e4 42. Bh3 Bg6 43. h5 Bh7 44. b4 Ke6 45. R2d4 Kf6 46. c5 bxc5 47. bxc5 Ke6 48. g4 Kf6 49. gxf5 Bg8 50. Rxd6+ Rxd6 51. Rxd6+ Rxd6 52. cxd6 Bd5 53. a5 Bc6 54. Ke3 Kf7 55. Bg2 Kf6 56. Bxe4 Be8 57. Kd4 Bxh5 58. Kc5 Be8 59. Bc6 Bf7 60. d7 Ke7 61. f6+ Kd8 62. Kd6 h5 63. Bg2 h4 64. Bh3 Bg6 65. Be6 h3 66. f7 Bxf7 67. Bxf7 a6 68. Bd5 h2 69. Ke6 1-0

[Event "Topusko op 2nd"]
[Site "Topusko"]
[Date "2013.08.09"]
[Round "7"]
[White "Frank, Vladimir"]
[Black "Balenovic, Zvonimir"]
[Result "0-1"]
[WhiteElo "2131"]
[BlackElo "2202"]
[PlyCount "76"]
[EventDate "2013.08.03"]
[EventType "swiss"]
[EventRounds "7"]
[EventCountry "CRO"]
[SourceTitle "CBM 155 Extra"]
[Source "ChessBase"]
[SourceDate "2013.08.26"]
[SourceVersion "1"]
[SourceVersionDate "2013.08.26"]
[SourceQuality "1"]

1. Nf3 Nf6 2. c4 g6 3. d4 Bg7 4. Nc3 0-0 5. e4 d6 6. Be2 e5 7. d5 a5 8. Bg5 h6 9. Bh4 Na6 10. Nd2 Qe8 11. 0-0 Bd7 12. b3 Nh7 13. a3 h5 14. f3 Bh6 15. Bf2 b6 16. Rb1 Qe7 17. Qc2 h4 18. Rfd1 Bf4 19. Nf1 Qg5 20. Kh1 Nf6 21. b4 axb4 22. axb4 Kg7 23. c5 bxc5 24. Bxa6 Rxa6 25. bxc5 Nh5 26. c6 Bc8 27. Nb5 Ng3+ 28. Bxg3 hxg3 29. Nxc7 Ra5 30. Rb5 Ra7 31. Rb7 Bxb7 32. cxb7 Rxb7 33. Qc6 Rxc7 34. Qxc7 gxh2 35. Qxd6 Rh8 36. g4 Qh4 37. Qc5 Rc8 38. Qb6 Rc2 0-1

[Event "Topusko op 2nd"]
[Site "Topusko"]
[Date "2013.08.04"]
[Round "2"]
[White "Balenovic, Zvonimir"]
[Black "Orak, Tugomir"]
[Result "1-0"]
[WhiteElo "2202"]
[BlackElo "2015"]
[PlyCount "55"]
[EventDate "2013.08.03"]
[EventType "swiss"]
[EventRounds "7"]
[EventCountry "CRO"]
[SourceTitle "CBM 155 Extra"]
[Source "ChessBase"]
[SourceDate "2013.08.26"]
[SourceVersion "1"]
[SourceVersionDate "2013.08.26"]
[SourceQuality "1"]

1. e4 c5 2. Nf3 e6 3. d4 cxd4 4. Nxd4 a6 5. Nc3 Qc7 6. g3 d6 7. Bg2 Nf6 8. 0-0 Be7 9. Be3 Nbd7 10. f4 g6 11. h3 Rb8 12. Kh2 0-0 13. Qd2 Nb6 14. b3 Rd8 15. Rad1 Bd7 16. Nb1 Na8 17. c4 Be8 18. Nc3 Nb6 19. Rc1 Nc8 20. f5 Qd7 21. Bg5 Kg7 22. Qf4 e5 23. Qh4 exd4 24. fxg6 hxg6 25. Bxf6+ Bxf6 26. Qxf6+ Kg8 27. Nd5 Na7 28. Ne7+ 1-0